Собрание сочинений. Т. 16: Ругон-Маккары (Запись № 8569275)

Подробности
000 -МАРКЕР
контрольное поле 01813nam2a22003251 4500
001 - ИДЕНТИФИКАТОР ЗАПИСИ
контрольное поле rc\4435678
005 - ИДЕНТИФИКАТОР ВЕРСИИ
контрольное поле 20260406021908.0
010 ## - МЕЖДУНАРОДНЫЙ СТАНДАРТНЫЙ НОМЕР КНИГИ (ISBN)
Уточнения В пер.
Цена 1 р. 15 к.
Тираж 291000
021 ## - НОМЕР ГОСУДАРСТВЕННОЙ РЕГИСТРАЦИИ
Код страны Российская Федерация
Номер [65-16795]
035 ## - ДРУГИЕ СИСТЕМНЫЕ НОМЕРА
Идентификатор записи (NLR Aleph) 008578345
100 ## - ДАННЫЕ ОБЩЕЙ ОБРАБОТКИ
Данные общей обработки 20130416d1965 |||y0rusy50 ca
101 1# - ЯЗЫК РЕСУРСА
Язык текста, звукозаписи и т.д. русский
Язык оригинала французский
102 ## - СТРАНА ПУБЛИКАЦИИ ИЛИ ПРОИЗВОДСТВА
Страна публикации Российская Федерация
105 ## - ПОЛЕ КОДИРОВАННЫХ ДАННЫХ: ТЕКСТОВЫЕ МАТЕРИАЛЫ, МОНОГРАФИЧЕСКИЕ
Кодированные данные о монографическом текстовом документе a z |||a|
200 1# - ЗАГЛАВИЕ И СВЕДЕНИЯ ОБ ОТВЕТСТВЕННОСТИ
Основное заглавие Ругон-Маккары
Наименование части Доктор Паскаль
Первые сведения об ответственности [пер. Е. Яхниной
Последующие сведения об ответственности коммент. В. Шор
-- ил.: М.А. Таранов]
210 ## - ПУБЛИКАЦИЯ, РАСПРОСТРАНЕНИЕ И ДР.
Место издания, распространения и т.д. Москва
Имя издателя, распространителя и т. д. Художественная литература
Дата издания, распространения и т.д. 1965
215 ## - ФИЗИЧЕСКАЯ ХАРАКТЕРИСТИКА
Специфическое обозначение материала и объем 386 с., 1 л. табл.
Другие сведения о физической характеристике ил.
Размеры 21
461 #0 - УРОВЕНЬ НАБОРА
Встроенное поле 001rc\4435662
-- 2001#$aСобрание сочинений$eв 26-ти томах$eперевод с французского$fЭмиль Золя$gпод общ. ред. И. Анисимова [и др.$gвступ. статья И. Анисимова, с. V-XXXI]$vТ. 16
Системный номер (АБИС) связанной записи 8569180
Автор Золя, Э. (1840-1902)
Место публикации Москва
Дата публикации 1960-1967
Первые сведения об ответственности Эмиль Золя
Имя издателя, распространителя и т.д. Гослитиздат
Сведения, относящиеся к заглавию в 26-ти томах : перевод с французского
Заглавие Собрание сочинений
Номер тома Т. 16
464 #0 - АНАЛИТИЧЕСКИЙ УРОВЕНЬ
Встроенное поле 2001#$aДоктор Паскаль
Заглавие Доктор Паскаль
545 1# - ЗАГЛАВИЕ ЧАСТИ
Заглавие части Доктор Паскаль
702 #1 - ИМЯ ЛИЦА - ВТОРИЧНАЯ ОТВЕТСТВЕННОСТЬ
Код отношения Комментатор печатного текста
Начальный элемент ввода Шор
Часть имени, кроме начального элемента ввода В.Е.
Даты 1917-1971
Расширение инициалов личного имени Владимир Ефимович
Идентификатор авторитетной/нормативной записи RU\NLR\AUTH\7768689
Системный номер авторитетной/нормативной записи 51617
702 #1 - ИМЯ ЛИЦА - ВТОРИЧНАЯ ОТВЕТСТВЕННОСТЬ
Начальный элемент ввода Яхнина
Часть имени, кроме начального элемента ввода Е. И.
Даты 1899-
Расширение инициалов личного имени Евгения Иосифовна
Код отношения Переводчик
702 #1 - ИМЯ ЛИЦА - ВТОРИЧНАЯ ОТВЕТСТВЕННОСТЬ
Код отношения Иллюстратор
Материалы, к которым относится поле rus
Графика поля Кириллица
Начальный элемент ввода Таранов
Часть имени, кроме начального элемента ввода М. А.
Даты 1909-1973
Расширение инициалов личного имени Михаил Афанасьевич
Идентификатор авторитетной/нормативной записи RU\NLR\AUTH\77123431
Системный номер авторитетной/нормативной записи 106356
801 #0 - ИСТОЧНИК ЗАПИСИ
Страна Российская Федерация
Организация NLR
Дата составления 20130416
Правила каталогизации psbo
801 #1 - ИСТОЧНИК ЗАПИСИ
Страна Российская Федерация
Организация ELAR
Дата составления 20130416
Источник данных rusmarc
801 #2 - ИСТОЧНИК ЗАПИСИ
Страна Российская Федерация
Организация NLR
Дата составления 20141028
Источник данных rusmarc
852 ## - МЕСТОНАХОЖДЕНИЕ И ШИФР ХРАНЕНИЯ
Идентификатор организации NLR
Шифр хранения (Call Number) 61-3/403 (16)
942 ## - ДОПОЛНИТЕЛЬНЫЕ ЭЛЕМЕНТЫ ЗАПИСИ (АБИС)
Тип экземпляра АБИС Книга
980 ## - КОЛЛЕКЦИЯ
Название коллекции Национальная библиография
Экземпляры
Тип экземпляра Дата поступления Библиотека постоянного хранения Библиотека текущего хранения Место хранения Шифр хранения Штрих-код Статус экземпляра Стоимость
Книга 26.10.2013 РНБ (Московский) РНБ (Московский) Русский книжный фонд: издания с 1957 года 61-3/403 8578345-10    
Книга 07.03.2014 РНБ (Московский) РНБ (Московский) Фонд общего зала литературы по филологии, педагогике и искусству (гуманитарной литературы) Л1 Ш6(4Фр)/З-819 1-367580   1.15